| Поле | Инд. | ПП | Название | Значение |
|---|---|---|---|---|
| Тип записи | a | |||
| Библиографический уровень | b | |||
| 001 | Контрольный номер | 578dd3c6ea7d42ccad661fb44a90ab3a | ||
| 005 | Дата корректировки | 20210908160155.7 | ||
| 040 | a | Служба первич. каталог. | РИНЦ | |
| 041 | 0_ | a | Код языка текста | rus |
| 097 | a | Чагина С.Г. | ||
| 100 | 1_ | q | Полное имя | Малинин Андрей Викторович |
| a | Автор | Малинин А. В. | ||
| u | Дополнение | Малинин А. В. | ||
| c | Титул (звания) | старший научный сотрудник; кандидат технических наук | ||
| i | 000091204 | |||
| k | Кафедра общей и прикладной геофизики; Факультет естественных и инженерных наук | |||
| j | Принадлежность неизвестного автора к последователям, ученикам, сторонникам, школе и т. д. | государственный университет "Дубна" | ||
| 100 | 1_ | a | Автор | Тарасов С. Ю. |
| 100 | 1_ | a | Автор | Дубницкий И. Р. |
| 100 | 1_ | a | Автор | Кузнецов К. О. |
| j | Принадлежность неизвестного автора к последователям, ученикам, сторонникам, школе и т. д. | государственный университет "Дубна" | ||
| c | Титул (звания) | аспирант | ||
| q | Полное имя | Кузнецов Кирилл Олегович | ||
| 100 | 1_ | a | Автор | Валеев А. И. |
| j | Принадлежность неизвестного автора к последователям, ученикам, сторонникам, школе и т. д. | государственный университет "Дубна" | ||
| q | Полное имя | Валеев Артем Ильдарович | ||
| 245 | 10 | a | Заглавие | Опыт применения ядерно-магнитного каротажа для изучения газовых залежей |
| 513 | a | передано на оплату | ||
| b | III квартал 2019 года | |||
| 773 | 18 | t | Название источника | Каротажник |
| b | Сведения об издании | Международная Ассоциация научно-технического и делового сотрудничества по геофизическим исследованиям и работам в скважинах | ||
| c | Тверь | |||
| d | Место и дата издания | 2019 | ||
| m | Специф. данные | журнал из перечня ВАК; ненулевой импакт-фактор; | ||
| n | Примечание | https://elibrary.ru/title_about.asp?id=9587 | ||
| x | ISSN | 1810-5599 | ||
| g | Прочая информация | № 4 (298). - С. 30 - 42 | ||
| w | Контрольный № источника | 844878a1c7394801bdcf5239c8949b1a | ||
| 856 | 40 | u | URL | https://elibrary.ru/item.asp?id=39238307 |
| 901 | t | Тип документа | b | |
| 952 | c | Вид литературы | статья в журнале |